| 000 | 00441nam a22001337a 4500 | ||
|---|---|---|---|
| 008 | 140521b xxu||||| |||| 00| 0 eng d | ||
| 050 | _aLB1647.R288 | ||
| 100 |
_aHare, William _910452 |
||
| 245 |
_aReason in Teaching and Education _cWilliam Hare |
||
| 260 |
_aCanada _bDalhousie University _c1989 |
||
| 300 |
_a63p. ; _c22cm. |
||
| 650 |
_aReason in Science Education _xArt Education _xPhilosophy for Teachers _910453 |
||
| 942 |
_2lcc _cMONOGRAPH |
||
| 999 |
_c120567 _d120567 |
||